| 000 | 01303cad a22002415a 4500 | ||
|---|---|---|---|
| 001 | E147701 | ||
| 008 | 090605e20090318xxkb f s000 0 eng d | ||
| 035 | _a(Sirsi) u147701 | ||
| 041 | 0 | _aeng | |
| 050 | 0 | 4 | _a333.72 $2 18 |
| 100 | 1 | _aRoth, Lenny | |
| 245 | 0 | 0 |
_aMicrogeneration _h[electronic resource] |
| 260 |
_aEdinburgh _bScottish Parliament _c2009 |
||
| 490 | 0 |
_aSPICe Briefing _v(09/20) 18 March 2009 |
|
| 505 | 2 | _aKey points of this briefing -- Introduction -- Technologies -- Number of installations -- Barriers to wider uptake -- Scottish Government policy -- UK Government policy -- Sarah Boyack's proposed bill -- Recent research reports -- Sources | |
| 520 | _aExamines issues in relation to microgeneration, including the technology involved, potential for reducing emissions, and reasons why microgeneration has not been more widely adopted. Also looks at policies of the UK and Scottish Governments in relation to microgeneration and discusses recent research reports on the topic. | ||
| 521 | _aAdvanced | ||
| 590 | _aKA | ||
| 651 | 4 |
_aScotland _y1999- |
|
| 690 | _aENVIRONMENTAL AND LAND CONSULTANCY-ENERGY | ||
| 856 | 4 | 0 |
_uhttps://www.scottish.parliament.uk/business/research/subject/EnvEne.htm _zView the briefing free of charge at www.scottish.parliament.uk... |
| 942 | _n0 | ||
| 999 |
_c109690 _d109690 |
||